On This Day: May 21st II Quiz Stats

 Plays Quiz Updated May 21, 2018

Score 0/7 Timer 03:00
0 Plays Today
Question Answer Wrong Answers
______ touches down at Le Bourget Field in Paris, completing the world's first solo nonstop flight across the Atlantic Ocean.
1927
Charles Lindbergh
95%
Fred Noonan
0.7%
Howard Hughes
2.4%
Chuck Yeager
1.2%
In St. Peter's Basilica, the Pietà, a sculpture by this Italian Renaissance artist, is damaged by a vandal.
1972
Michelangelo
89.7%
Titian
1.5%
Rembrandt
4.5%
El Greco
3.1%
This city in Virginia is designated as the new Confederate capital.
1861
Richmond
88.7%
Virginia Beach
0.7%
Alexandria
3.5%
Charlottesville
7.1%
The United States and Mexico sign an agreement over the distribution of the waters of this river, which had increasingly been diverted to the US for irrigation.
1906
Rio Grande
85.1%
Colorado River
12%
Sacramento River
1.6%
Rio Sonora
1.1%
Amidst growing mass protests in Jakarta, this President of Indonesia resigns.
1998
Suharto
71.1%
Sudirman
6.1%
Wiranto
2.6%
Sukarno
18.8%
This commander of the Schutzstaffel (SS), among the most powerful men in Nazi Germany, is captured by former Soviet POWs.
1945
Heinrich Himmler
63%
Joseph Goebbels
30.3%
Wilhelm Keitel
3.5%
Karl Dönitz
2.2%
The US House of Representatives passes the ______ Amendment to the US Constitution, which would grant women the right to vote once passed by the Senate and ratified by the states.
1918
19th
54.3%
20th
12.8%
21st
23.1%
22nd
9.3%

You're not logged in!

Compare scores with friends on all Sporcle quizzes.
OR
Log In

Sporcle TV

Today on Sporcle TV


Watch our educational content, quiz creation guides, and fun videos on Sporcle TV.

Show Comments

Extras

Top Quizzes Today


Score Distribution

Your Account Isn't Verified!

In order to create a playlist on Sporcle, you need to verify the email address you used during registration. Go to your Sporcle Settings to finish the process.

Report this User

Report this user for behavior that violates our Community Guidelines.

Details: